Statistics for Countries Containing D

Click here to take the quiz!

General Stats

  • This quiz has been taken 152 times
    (141 since last reset)
  • The average score is 38 of 52

Answer Stats

Country% Correct
Iceland
97%
Finland
94%
Ireland
94%
Switzerland
94%
Denmark
91%
United Kingdom
91%
Andorra
88%
Democratic Republic of the Congo
88%
India
88%
Poland
88%
Swaziland
88%
Dominica
84%
Dominican Republic
84%
Netherlands
84%
New Zealand
84%
Barbados
81%
Indonesia
81%
Uganda
81%
Canada
78%
Djibouti
78%
Ecuador
78%
Honduras
78%
South Sudan
78%
Sudan
78%
United Arab Emirates
78%
Madagascar
75%
Saudi Arabia
75%
Sweden
75%
Thailand
75%
Trinidad and Tobago
75%
El Salvador
72%
Solomon Islands
72%
Macedonia
69%
Marshall Islands
69%
Rwanda
69%
United States of America
69%
Antigua and Barbuda
66%
Chad
66%
Grenada
63%
Jordan
63%
Saint Vincent and the Grenadines
63%
Cambodia
59%
Moldova
59%
Maldives
56%
Saint Kitts and Nevis
56%
Bangladesh
53%
Bosnia and Herzegovina
53%
Burundi
53%
Cape Verde
47%
Cote d'Ivoire
47%
Federated States of Micronesia
47%
Sao Tome and Principe
31%

Score Distribution

Percentile by Number Answered

Percent of People with Each Score

Your Score History

You have not taken this quiz since the last reset